Sports Quiz

Random Sports Quiz

Pros as Cons Quiz Stats

 Plays Quiz not verified by Sporcle

Support Sporcle.
Go Orange.
Score 0/21 Timer 11:00
0 Plays Today
Charges/Allegations Athlete % Correct
Sued in civil court for giving a woman genital herpes, Stopped by airport security for hiding jewelry in a water bottle, and (oh yeah) convicted of Dog FightingMichael Vick
87.8%
Escaped a murder charge, only to lose the civil case, and much later get caught robbing his own memorabilia, serving 9-33 yearsOJ Simpson
80.5%
Arrested and convicted of the rape of Desiree Washington (Miss Black Rhode Island) and served 3 years before his release, later went on to play a role in the HangoverMike Tyson
78%
Charged with possession of an unregistered firearm after allegedly shooting himself in the leg in a Manhattan night clubPlaxico Burress
68.3%
Charged with sexual assault at a Lake Tahoe hotel and also alleged to have also assaulted a woman in a restroom in GeorgiaBen Roethlisberger
65.9%
A couple of DUI's and a boyfriend with a lead pipe on Nancy Kerrigan's knee is what people remember most about this Figure Skating personalityTonya Harding
61%
Mostly famous for 'making it rain' at a strip club, assaulting a stripper at that same strip club, and also having allegedly assaulted several strippers at various nigh clubsAdam Pacman Jones
56.1%
Indicted on four counts of perjury and one count of obstruction of justice as it related to the BALCO scandalBarry Bonds
51.2%
4 misdemeanor charges were brought to players from this NFL team after a large sex boat party on Lake Minnetonka in 2005Minnesota Vikings
51.2%
Charged with murder, serving Life in Prison, subject of famous Bob Dylan song and Denzel Washington movieRubin Carter
46.3%
Testified and given immunity for his testimony on cocaine use during the 1985 season and also the posthumous first baseman who spit on Kramer and Newman in an episode of SeinfeldKeith Hernandez
41.5%
Charges/Allegations Athlete % Correct
Charged with cocaine possession and use during 1995 season and also failed to make Child Support paymentsDaryll Strawberry
39%
Involved in using a cell phone to facilitate a drug deal; served 4 monthsJamal Lewis
36.6%
Sentenced to 3 years probation in 2006 for 'battery with serious bodily injury' and then arrested in 2010 for suspicion of domestic violence against wife Jenna JamesonTito Ortiz
31.7%
Involved in many traffic violations and multi-million dollar lawsuits, including paralyzing Corey Edmonson from a traffic accident, but most notably for STOMPING on a player withouAlbert Haynesworht
29.3%
Charged with vehicular homicide after killing teammate Dan Snyder while driving too fast in his Ferrari 360 Modena, pleaded guilty to second degree murderDany Heatly
26.8%
Convicted of attempted murder and sentenced to 14 years and 7 months in prison in Venezuela for attacking 5 farmers with a MacheteUrgueth Ubirna
26.8%
Pleaded not guilty to an aggravated armed robbery outside a nightclub in 2006, but then was arrested for having a katana, a loaded AK-47, and two other handguns with a bottle of GrMaurice Clarett
19.5%
Charged with maiming by a mob, sentenced to 5 years, served 4 months, currently playing in TurkeyAllen Iverson
19.5%
Arrested and sentenced to 3 years in federal prison for trafficking cocaine in the Colorado areaTravis Henry
17.1%
Known for his trilogy with Holyfield and 2 bouts against Golota, he was charged with kidnapping his wife and children and sentenced to 17 monthsRiddick Bowe
14.6%

You're not logged in!

Compare scores with friends on all Sporcle quizzes.
OR
Log In

From the Vault

New York Mets Opening Day Starting Pitchers

by nymetsjets17

Baseball players are like Meghan Trainor, they're both all about that base.
Remove Ads.
Support Sporcle.
Get the best of Sporcle when you Go Orange. This ad-free experience offers more features, more stats, and more fun while also helping to support Sporcle. Thank you for becoming a member.

Show Comments

Extras

Top Quizzes Today


Score Distribution

Your Account Isn't Verified!

In order to create a playlist on Sporcle, you need to verify the email address you used during registration. Go to your Sporcle Settings to finish the process.

Report this User

Report this user for behavior that violates our Community Guidelines.

Details: